| 000 | 00917nam a22002537a 4500 | ||
|---|---|---|---|
| 003 | URS | ||
| 005 | 20260115142607.0 | ||
| 008 | 260115b |||||||| |||| 00| 0 eng d | ||
| 050 | 0 | 0 |
_aLG 221.R59 _b.P1917 2019 |
| 100 | 1 |
_aPanaligan, Krislene Abenir _eResearcher |
|
| 245 | 1 | 0 |
_aPagbuo, Balidasyon at Antas ng Pagtanggap ng Rubriks sa Pangkatang Gawain/ _cPanaligan, Krislene Abenir |
| 260 | 1 | _c2019 | |
| 300 |
_axi, 71 leaves; _billustrations _c28 cm. |
||
| 336 |
_2rdacontent _atext |
||
| 337 |
_2rdamedia _aunmediated |
||
| 338 |
_2rdacarrier _avolume |
||
| 502 |
_aUndergraduate Thesis
_bBachelor of Secondary Education Major in Filipinio _cUniversity of Rizal System, Rodriguez, Rizal _d2019 |
||
| 650 | _2Rubriks-Balidasyon | ||
| 690 | _aUN SDG 4 | ||
| 700 |
_aTaata, Arlyn _eResearcher |
||
| 700 |
_aValiente, Catherine Olog _eResearcher |
||
| 700 |
_aNavarro, Joselito G. _eAdviser |
||
| 942 |
_2lcc _cT |
||
| 999 |
_c89114 _d89111 |
||